แนวทางการประเมินสิ่งแวดล้อมระดับยุทธศาสตร์ Strategic Environmental Assessment Guideline / (ระเบียนเลขที่ 103771)
| 000 -LEADER | |
|---|---|
| fixed length control field | 01893nam a22002537a 4500 |
| 003 - CONTROL NUMBER IDENTIFIER | |
| control field | NALT |
| 005 - DATE AND TIME OF LATEST TRANSACTION | |
| control field | 20240916171545.0 |
| 008 - FIXED-LENGTH DATA ELEMENTS--GENERAL INFORMATION | |
| fixed length control field | 231027b th ||||| |||| 00| 0 tha d |
| 040 ## - CATALOGING SOURCE | |
| Original cataloging agency | NALT |
| 086 ## - GOVERNMENT DOCUMENT CLASSIFICATION NUMBER | |
| Classification number | นร 11 7.5 363.7 2563 |
| 110 2# - MAIN ENTRY--CORPORATE NAME | |
| 9 (RLIN) | 37601 |
| Corporate name or jurisdiction name as entry element | สำนักนายกรัฐมนตรี. |
| Subordinate unit | สำนักงานสภาพัฒนาการเศรษฐกิจและสังคมแห่งชาติ |
| 245 10 - TITLE STATEMENT | |
| Title | แนวทางการประเมินสิ่งแวดล้อมระดับยุทธศาสตร์ Strategic Environmental Assessment Guideline / |
| Statement of responsibility, etc. | โดย สำนักงานสภาพัฒนาการเศรษฐกิจและสังคมแห่งชาติ. |
| 260 ## - PUBLICATION, DISTRIBUTION, ETC. | |
| Place of publication, distribution, etc. | กรุงเทพฯ : |
| Name of publisher, distributor, etc. | สำนักงานสภาพัฒนาการเศรษฐกิจและสังคมแห่งชาติ, |
| Date of publication, distribution, etc. | 2563. |
| 300 ## - PHYSICAL DESCRIPTION | |
| Extent | 90 หน้า : |
| Other physical details | ภาพประกอบ, ตาราง, แผนภูมิ ; |
| Dimensions | 30 ซม. |
| 505 2# - FORMATTED CONTENTS NOTE | |
| Formatted contents note | บทที่ 1 บทนำ --<br/>บทที่ 2 ความเข้าใจพื้นฐาน -- <br/>บทที่ 3 ขั้นตอนและกระบวนการดำเนินงาน --<br/>บทที่ 4 กลไกการขับเคลื่อน SEA. |
| 650 #4 - SUBJECT ADDED ENTRY--TOPICAL TERM | |
| 9 (RLIN) | 62100 |
| Topical term or geographic name entry element | การประเมินความเสี่ยงด้านสิ่งแวดล้อม |
| 650 #0 - SUBJECT ADDED ENTRY--TOPICAL TERM | |
| Topical term or geographic name entry element | การจัดการสิ่งแวดล้อม |
| 9 (RLIN) | 23709 |
| 850 ## - HOLDING INSTITUTION | |
| Holding institution | NALT |
| 942 ## - ADDED ENTRY ELEMENTS (KOHA) | |
| Koha item type | Government Publication |
| Source of classification or shelving scheme | Local Classification |
| 996 ## - STAFF PROCESSING RECORDS (NALT) | |
| Staff name | chunbijaya.r |
| Staff type | CATSTF |
| Acquisition or Cataloging date | 2023-10-27 |
| 996 ## - STAFF PROCESSING RECORDS (NALT) | |
| Staff name | jamriang.p |
| Staff type | CATSTF |
| Acquisition or Cataloging date | 2023-11-14 |
| 998 ## - STAFF NAME (NALT) | |
| -- | 1020 |
| -- | นางจำเรียง ระวังสำโรง |
| Withdrawn status | Lost status | Source of classification or shelving scheme | Damaged status | Not for loan | Collection code | Home library | Current library | Shelving location | Date acquired | Full call number | Barcode | Date last seen | Price effective from | Koha item type |
|---|---|---|---|---|---|---|---|---|---|---|---|---|---|---|
| Local Classification | Government Publications collection | National Assembly Library of Thailand | National Assembly Library of Thailand | Government Publication shelves | 27/10/2023 | นร 11 7.5 363.7 2563 | 3961223865 | 17/11/2023 | 27/10/2023 | Government Publication |
